000 00785nab a2200241 u 4500
001 13631
003 HDC
007 cr bn ---aaaaa
008 210213c my dr|nes 0 |0eng
040 _aHDC
245 0 _aClean Label Supplement Trends in America and Europe
260 _a[no place] :
_b[publisher not identified],
_c[no year]
336 _atext
_2rdacontent
337 _acomputer
_2rdamedia
338 _aonline resource
_2rdacarrier
650 _aClean label
_914368
650 _aSupplement
_97754
710 _aGlobal FoodMate
856 _zRequest full-text at [email protected]
942 _2lcc
942 _cNEWS
942 _kNWSO 002909
999 _c10947
_d10947